• 首页
  • 本馆介绍
  • 公告通知
  • 最新文献
  • 馆藏检索
  • 电子资源
  • 读者导购
  • 参考咨询
  • 我的图书馆
  • 登录
  • 详细信息显示
  • 放入我的书架
  • 预约/预借图书
  • 作者相关作品
  • 分类相关作品
  • 丛书相关作品
  • 出版社相关作品

书目信息

  • 表格格式
  • 工作单格式
  • 卡片格式
题名:
六个儿童剧
    
 
作者: 刘厚明 著
分册:  
出版信息: 上海   少年儿童出版社  1979
页数: 215页
开本: 19cm
丛书名:
单 册:
中图分类: I287.3
科图分类:
主题词: 儿童剧--中国--现代--选集
电子资源:
ISBN:
000 00576nam0 2200217 45
001 0179006782
005 20060819111354.67
010    @dCNY0.40
091    @aCN@bR10024.3583
100    @a19950721d1979 am y0chiy0121 ea
101 0  @achi
102    @aCN@b310000
105    @af z 000fy
200 10 @a六个儿童剧@Aliu ge er tong ju@f刘厚明著
210    @a上海@c少年儿童出版社@d1979
215    @a215页@c剧照@d19cm
606    @a儿童剧@y中国@z现代@x选集
690    @aI287.3@v3
701  0 @a刘厚明@Aliu hou ming@4著
801  0 @aCN@bTSSF@c20060819
905    @a10447@dI287.3@e213
    
    六个儿童剧/刘厚明著.-上海:少年儿童出版社,1979
    215页:剧照;19cm
    
    
    ISBN :CNY0.40
    
●
相关链接 在E读中查询图书 在五车中查询图书 在当当中查询图书 在豆瓣中查询图书


正题名:六个儿童剧     索取号:I287.3/213         预约/预借

序号 登录号 条形码 馆藏地/架位号 状态 备注
1 0427113   204271135   密集书库/ [索取号:I287.3/213] 在馆    
2 0427114   204271144   密集书库/ [索取号:I287.3/213] 在馆    
3 0449533   204495331   密集书库/ [索取号:I287.3/213] 在馆    
4 0469920   204699200   密集书库/ [索取号:I287.3/213] 在馆    
唐山师范学院图书馆 欢迎您!
大连网信软件有限公司© 版权所有